Riziká a ich poistiteľnosť

Cieľ poistenia - finančne nahradiť straty vzniknuté realizáciou poistených rizík. Vymedzenie pojmu riziko. Poistiteľnosť rizík. Zmeny v štruktúre poistných rizík. Riziko terorizmu. Riziko informačných technológií. Riziko vesmírnych technológií. Riziko požiaru.

Gespeichert in:
Bibliographische Detailangaben
1. Verfasser: Krátka, Zuzana, 1968-
Format: Buchkapitel
Sprache:Slowakisch
Schlagworte:
Tags: Tag hinzufügen
Keine Tags, Fügen Sie das erste Tag hinzu!

MARC

LEADER 00000nla$a2200000$$$4500
001 0059174
005 20240502083141.3
041 0 |a slo 
044 |a CZ 
245 1 0 |a Riziká a ich poistiteľnosť  |c Zuzana Krátka 
520 |a Cieľ poistenia - finančne nahradiť straty vzniknuté realizáciou poistených rizík. Vymedzenie pojmu riziko. Poistiteľnosť rizík. Zmeny v štruktúre poistných rizík. Riziko terorizmu. Riziko informačných technológií. Riziko vesmírnych technológií. Riziko požiaru. 
610 2 0 |a poistenie 
610 2 0 |a poisťovne 
610 2 0 |a riziko poistné 
610 2 0 |a zaistenie 
610 2 0 |a terorizmus 
610 2 0 |a technológie informačné 
610 2 0 |a požiare 
100 1 |a Krátka, Zuzana, 1968-